Diagnóstico del Nivel de las Normas de Bioseguridad en los Servicios de Transfusión Sanguíneos en la Provincia Sánchez Ramírez / (Registro nro. 24131)

Detalles MARC
000 -LEADER
fixed length control field 03271nam a22002897a 4500
003 - CONTROL NUMBER IDENTIFIER
control field DO-CoUTE
005 - DATE AND TIME OF LATEST TRANSACTION
control field 20260422144002.0
008 - FIXED-LENGTH DATA ELEMENTS--GENERAL INFORMATION
fixed length control field 260422b dr ||||| |||| 00| 0 spa d
040 ## - CATALOGING SOURCE
Original cataloging agency DO-CoUTE
Language of cataloging spa
Transcribing agency DO-CoUTE
041 ## - LANGUAGE CODE
Language code of text/sound track or separate title spa
092 ## - LOCALLY ASSIGNED DEWEY CALL NUMBER (OCLC)
Classification number BIO 2025 R65
100 1# - MAIN ENTRY--PERSONAL NAME
Personal name Rondón, Yajaira
Relator term Sustentante
245 ## - TITLE STATEMENT
Title Diagnóstico del Nivel de las Normas de Bioseguridad en los Servicios de Transfusión Sanguíneos en la Provincia Sánchez Ramírez /
Statement of responsibility, etc. Yajaira Rondón, Scarlet Inoa Veloz, Patricia Otáñez Soto, Rosa Iris Gómez Pérez, Yulissa Altagracia Guante, Eddie Marie Adbrincoles Cruz, Winifher Nicol Peralta De la Cruz ; Asesor, Auridy Pérez Reyes
260 ## - PUBLICATION, DISTRIBUTION, ETC.
Place of publication, distribution, etc. Cotuí, República Dominicana ;
Name of publisher, distributor, etc. UTECO,
Date of publication, distribution, etc. 2025
300 ## - PHYSICAL DESCRIPTION
Extent 59 Hojas :
Dimensions 23cm,
Accompanying material + 1 CD-ROM
502 ## - DISSERTATION NOTE
Dissertation note Trabajo de Grado (Licenciatura en Bioanálisis) Universidad Tecnológica del Cibao Oriental, 2025.<br/><br/>
504 ## - BIBLIOGRAPHY, ETC. NOTE
Bibliography, etc. note Incluye referencia bibliográfica e índice.<br/>
520 ## - SUMMARY, ETC.
Summary, etc. El presente proyecto tuvo como objetivo general realizar un diagnóstico del nivel de<br/>las normas de bioseguridad en los servicios de transfusión sanguíneos en la provincia<br/>Sánchez Ramírez, se realizó durante el período septiembre 2025 hasta enero del 2026. Se<br/>aplicó el enfoque cualitativo, con un el diseño no experimental, de tipo documental y de<br/>campo. Los informantes claves de este proyecto está compuesta por las autoridades del<br/>hospital, personal de los servicios sanguíneos, usuarios y donantes.<br/>Los instrumentos de levantamiento de información fueron presentados a la asesora y<br/>al jurado examinador, quienes hicieron las sugerencias necesarias, proponiendo las<br/>modificaciones que pudieran colaborar con la precisión de las preguntas. Se llevó a cabo<br/>recopilaciones de información a partir de fuentes bibliográficas que incluyen libros, revistas<br/>y sitios web; esta información se revisó, organizó y analizó adecuadamente. Un análisis<br/>crítico fue elaborado, respaldado con citas de los autores mencionados en el estudio. <br/><br/>Los entrevistados los protocolos de bioseguridad implementados en el hospital en<br/>relación a los servicios sanguíneos, se destacan: Estar adecuadamente uniformado con<br/>guantes, batas y gorros; el paciente debe estar consciente de lo que se le realizará, hay que<br/>realizarle la tipificación al paciente, luego el familiar sale al banco de sangre a comprar su<br/>sangre.<br/>Se evidenció que los profesionales de los servicios de transfusión sanguínea poseen<br/>un alto nivel de conocimiento y cumplimiento de las normas de bioseguridad, están<br/>capacitado para trabajar con las normas que requiere el banco de sangre. Sus conocimientos<br/>se reflejan en la aplicación de protocolos clave como el uso de equipo de protección<br/>personal, la necesidad de realizar la tipificación y la verificación de la fecha de<br/>vencimiento.
650 #4 - SUBJECT ADDED ENTRY--TOPICAL TERM
Topical term or geographic name entry element Normas de Bioseguridad
700 1# - ADDED ENTRY--PERSONAL NAME
Personal name Yajaira Rondón
Relator term Sustentante
700 1# - ADDED ENTRY--PERSONAL NAME
Personal name Scarlet Inoa Veloz
Relator term Sustentante
700 1# - ADDED ENTRY--PERSONAL NAME
Personal name Patricia Otáñez Soto
Relator term Sustentante
700 1# - ADDED ENTRY--PERSONAL NAME
Personal name Auridy Pérez Reyes
Relator term Autor
830 ## - SERIES ADDED ENTRY--UNIFORM TITLE
Uniform title Tesis y disertaciones académicas (Universidad Tecnológica del Cibao Oriental)
856 ## - ELECTRONIC LOCATION AND ACCESS
Link text Haga Click Aquí para Descargar en Texto Completo
942 ## - ADDED ENTRY ELEMENTS (KOHA)
Source of classification or shelving scheme Dewey Decimal Classification
Koha item type Tesis
Existencias
Withdrawn status Lost status Source of classification or shelving scheme Damaged status Not for loan Home library Current library Date acquired Inventory number Total Checkouts Full call number Barcode Date last seen Copy number Price effective from Koha item type
    Dewey Decimal Classification     Biblioteca UTECO Biblioteca UTECO 04/22/2026 24131   BIO 2025 R65 24131 04/22/2026 Ej.1 04/22/2026 Tesis
© 2021 Derechos Reservados UTECO - Teléfono: +1 809-585-2291 - Correo electrónico: biblioteca@uteco.edu.do​  
Código postal 43000 ​​
Dirección: Avenida Universitaria No. 100, 
Cotuí, Provincia Sánchez Ramírez, República Dominicana - RNC: 404-00059-6